El antifederalismo de Carlos María de Bustamante / (Record no. 79416)

MARC details
000 -LEADER
fixed length control field 00695cam a2200205 4500
005 - DATE AND TIME OF LATEST TRANSACTION
control field 20260317133548.0
008 - FIXED-LENGTH DATA ELEMENTS--GENERAL INFORMATION
fixed length control field 1997 spa
020 ## - INTERNATIONAL STANDARD BOOK NUMBER
International Standard Book Number 9683662773
050 04 - LIBRARY OF CONGRESS CALL NUMBER
Classification number F1232.2
Item number L66 1997
100 1# - MAIN ENTRY--PERSONAL NAME
Personal name López Betancourt, Eduardo
245 13 - TITLE STATEMENT
Title El antifederalismo de Carlos María de Bustamante /
Statement of responsibility, etc Eduardo López Betancourt.
260 ## - PUBLICATION, DISTRIBUTION, ETC. (IMPRINT)
Place of publication, distribution, etc México :
Name of publisher, distributor, etc UNAM,
Date of publication, distribution, etc 1997
300 ## - PHYSICAL DESCRIPTION
Extent 176 p. ;
Dimensions 23 cm.
490 #0 - SERIES STATEMENT
Series statement Serie C, Estudios Históricos ;
Volume number/sequential designation 69
600 1# - SUBJECT ADDED ENTRY--PERSONAL NAME
Personal name Bustamante, Carlos María de, 1774-1848
650 #7 - SUBJECT ADDED ENTRY--TOPICAL TERM
Source of heading or term lemb
Topical term or geographic name as entry element Gobierno Federal
General subdivision México
650 #7 - SUBJECT ADDED ENTRY--TOPICAL TERM
Source of heading or term lemb
Topical term or geographic name as entry element Antifederalismo
651 #7 - SUBJECT ADDED ENTRY--GEOGRAPHIC NAME
Source of heading or term lemb
Geographic name México
General subdivision Política y gobierno
Chronological subdivision Siglo XIX
942 ## - ADDED ENTRY ELEMENTS (KOHA)
Source of classification or shelving scheme Biblioteca del Cogreso de los Estados Unidos
Koha item type Libro
Holdings
Estado de pérdida Fuente de clasificación Estado del daño No para préstamo Ubicación permanente Ubicación actual Apartado o colección Fecha de adquisición Edición Dependencia de educación superior (DES) Área del conocimiento Clasificación Código de Barras Date last seen Número de copia Costo por reposición Tipo de recurso
  Biblioteca del Cogreso de los Estados Unidos     Biblioteca del Instituto de Investigaciones Históricas Biblioteca del Instituto de Investigaciones Históricas General 12/07/2017 1a ed. Humanidades Ciencias Sociales y Administrativas F1232.2 L66 1997 IIH000018938 12/07/2017 1 1.00 Libro